| 000 -LEADER |
| fixed length control field |
00398cam a22001217a 4500 |
| 008 - FIXED-LENGTH DATA ELEMENTS--GENERAL INFORMATION |
| fixed length control field |
180718b1975 xxu||||| |||| 00| 0 eng d |
| 082 ## - DEWEY DECIMAL CLASSIFICATION NUMBER |
| Classification number |
BA27x54 W118 |
| 100 ## - MAIN ENTRY--PERSONAL NAME |
| Personal name |
Waddell, L.A. |
| 245 ## - TITLE STATEMENT |
| Title |
Tribes of the Brahmaputra Valley: a contribution on their physical types and affinities |
| Statement of responsibility, etc. |
by L.A. Waddell |
| 260 ## - PUBLICATION, DISTRIBUTION, ETC. |
| Place of publication, distribution, etc. |
Delhi |
| Name of publisher, distributor, etc. |
Sanskaran Prak. |
| Date of publication, distribution, etc. |
1975 |
| 300 ## - PHYSICAL DESCRIPTION |
| Extent |
127p. |
| 650 ## - SUBJECT ADDED ENTRY--TOPICAL TERM |
| Topical term or geographic name entry element |
Backward classes - India. |